An outline history of english literature / (Record no. 145783)
[ view plain ]
| 000 -LEADER | |
|---|---|
| fixed length control field | 00757nam a22002057a 4500 |
| 005 - DATE AND TIME OF LATEST TRANSACTION | |
| control field | 20180616111145.0 |
| 010 ## - LCCN (DPL NO) | |
| LC control number | 1718EN-30 ENG-121687 B-686406-407 |
| 020 ## - INTERNATIONAL STANDARD BOOK NUMBER | |
| International Standard Book Number | 9789380005157 |
| Terms of availability | 125.00 |
| 035 ## - SYSTEM CONTROL NUMBER | |
| System control number | B-686406-407 |
| 035 ## - SYSTEM CONTROL NUMBER | |
| System control number | EN-105219 |
| 037 ## - SOURCE OF ACQUISITION | |
| Source of stock number/acquisition | Star Pub. |
| Stock number | dpl |
| 082 ## - DEWEY DECIMAL CLASSIFICATION NUMBER | |
| Classification number | 880.9 |
| 100 ## - MAIN ENTRY--PERSONAL NAME | |
| Personal name | Hudson, William Henry |
| 245 ## - TITLE STATEMENT | |
| Title | An outline history of english literature / |
| Statement of responsibility, etc | by William Henry Hudson |
| 260 ## - PUBLICATION, DISTRIBUTION, ETC. (IMPRINT) | |
| Place of publication, distribution, etc | Noida |
| Name of publisher, distributor, etc | Maple Press |
| Date of publication, distribution, etc | 2017 |
| 270 ## - ADDRESS | |
| Address | A-63, Sector-58, |
| City | Noida |
| Postal code | 201301 |
| 300 ## - PHYSICAL DESCRIPTION | |
| Extent | 296p. |
| Dimensions | 21cm(pbk) |
| 942 ## - ADDED ENTRY ELEMENTS (KOHA) | |
| Source of classification or shelving scheme | Dewey Decimal Classification |
| Item type | English Books |
| Call number suffix | HUD |
| Classification part | 880.9 |
| Withdrawn status | Lost status | Not for loan | Collection code | Home library | Current library | Date acquired | Source of acquisition | Cost, normal purchase price | Full call number | Barcode | Copy number | Cost, replacement price | Koha item type |
|---|---|---|---|---|---|---|---|---|---|---|---|---|---|
| Non-fiction | Ashok Vihar | Ashok Vihar | 16/06/2018 | Star SP/5268/28.11.2017/680/20.11.207/06.01.2018 | 125.00 | 880.9 HUD | B-686407 | 1 | 125.00 | English Books | |||
| Non-fiction | Central Library | Central Library | 16/06/2018 | Star SP/5268/28.11.2017/680/20.11.207/06.01.2018 | 125.00 | 880.9 HUD | B-686406 | 1 | 125.00 | English Books | |||
| Non-fiction | Patel Nagar | Patel Nagar | 30/11/2017 | DBAD/PUB | 125.00 | 880.9 HUD | EN-105219 | 1 | 125.00 | English Books |
